| 000 | 00511nam a22001937a 4500 | ||
|---|---|---|---|
| 003 | KOHA_MİRAKIL | ||
| 005 | 20250424163321.0 | ||
| 008 | 250424b tu ||||| |||| 00| 0 tur d | ||
| 020 | _a9789759955502 | ||
| 040 |
_aTR-AnABB _btur _cTR-AnABB |
||
| 041 | _atur | ||
| 082 |
_a301 _bTOP 2021 |
||
| 100 | 1 | _aTopçu, Nurettin, | |
| 245 | 1 | 0 |
_aSosyoloji / _cNurettin Topçu |
| 260 |
_aİstanbul : _bDergah Yayınları, _c2021 |
||
| 300 |
_a214 sayfa ; _c21 cm |
||
| 650 | 0 | 0 | _aSosyoloji |
| 942 |
_2ddc _cBK |
||
| 999 |
_c8832 _d8832 |
||
| 900 | _bGizem YORULMAZ | ||